<?xml version="1.0" encoding="UTF-8"?>
<collection xmlns="http://www.loc.gov/MARC21/slim">
 <record>
  <leader>01106pam a22002658a 4500</leader>
  <controlfield tag="001">00044505</controlfield>
  <controlfield tag="005">20210310130315.0</controlfield>
  <controlfield tag="008">110816s2004                  ||||||viesd</controlfield>
  <datafield tag="020" ind1="#" ind2="#">
   <subfield code="c">26700</subfield>
  </datafield>
  <datafield tag="041" ind1="0" ind2="#">
   <subfield code="a">vie</subfield>
  </datafield>
  <datafield tag="082" ind1="1" ind2="4">
   <subfield code="a">428</subfield>
   <subfield code="b">Đ452M</subfield>
  </datafield>
  <datafield tag="100" ind1="0" ind2="#">
   <subfield code="a">Hoàng, Văn Vân</subfield>
   <subfield code="e">Chủ biên</subfield>
  </datafield>
  <datafield tag="245" ind1="0" ind2="0">
   <subfield code="a">Đổi mới phương pháp dạy tiếng Anh ở trung học phổ thông Việt Nam</subfield>
   <subfield code="c">Hoàng Văn Vân; Nguyễn Thị Chi; Hoàng Thị Xuân Hoa</subfield>
  </datafield>
  <datafield tag="260" ind1="#" ind2="#">
   <subfield code="a">Hà Nội</subfield>
   <subfield code="b">Giáo dục</subfield>
   <subfield code="c">2006</subfield>
  </datafield>
  <datafield tag="300" ind1="#" ind2="#">
   <subfield code="a">371 tr.</subfield>
   <subfield code="b">minh họa</subfield>
   <subfield code="c">21 cm.</subfield>
  </datafield>
  <datafield tag="650" ind1="#" ind2="4">
   <subfield code="a">Tiếng anh</subfield>
  </datafield>
  <datafield tag="653" ind1="#" ind2="#">
   <subfield code="a">Phương pháp</subfield>
  </datafield>
  <datafield tag="653" ind1="#" ind2="#">
   <subfield code="a">THPT</subfield>
  </datafield>
  <datafield tag="653" ind1="#" ind2="#">
   <subfield code="a">Tiếng anh</subfield>
  </datafield>
  <datafield tag="653" ind1="#" ind2="#">
   <subfield code="a">đổi mới</subfield>
  </datafield>
  <datafield tag="700" ind1="1" ind2="#">
   <subfield code="a">Hoàng, Thị Xuân Hoa</subfield>
  </datafield>
  <datafield tag="700" ind1="1" ind2="#">
   <subfield code="a">Nguyễn, Thị Chi</subfield>
  </datafield>
  <datafield tag="852" ind1="#" ind2="#">
   <subfield code="j">KD.0026195</subfield>
   <subfield code="j">KM.0031600</subfield>
   <subfield code="j">KM.0031601</subfield>
   <subfield code="j">KM.0031602</subfield>
   <subfield code="j">KM.0031603</subfield>
   <subfield code="j">KM.0031604</subfield>
   <subfield code="j">KM.0031605</subfield>
   <subfield code="j">KM.0031606</subfield>
   <subfield code="j">KM.0031607</subfield>
   <subfield code="j">KM.0031608</subfield>
   <subfield code="j">KM.0031609</subfield>
   <subfield code="j">KM.0031610</subfield>
   <subfield code="j">KM.0031611</subfield>
   <subfield code="j">KM.0031612</subfield>
   <subfield code="j">KM.0031613</subfield>
   <subfield code="j">KM.0031614</subfield>
   <subfield code="j">KM.0031615</subfield>
  </datafield>
  <datafield tag="910" ind1="#" ind2="#">
   <subfield code="d">6/8/2019</subfield>
  </datafield>
  <datafield tag="980" ind1="#" ind2="#">
   <subfield code="a">Trung tâm Học liệu Lê Vũ Hùng, Trường Đại học Đồng Tháp</subfield>
  </datafield>
 </record>
</collection>
